| 000 | 00451nam a2200193Ia 4500 | ||
|---|---|---|---|
| 008 | 170918s9999 xx 000 0 und d | ||
| 020 | _a9780375855252 | ||
| 050 | _bJ523 2008 | ||
| 100 | _aJenkins, Emily | ||
| 245 | _aToy dance party / | ||
| 245 | _cby Emily Jenkins. | ||
| 250 | _aFirst edition | ||
| 260 | _aUSA : | ||
| 260 | _bYearling Book, | ||
| 260 | _c2008 | ||
| 300 | _a159 pages : | ||
| 300 | _billustrations ; | ||
| 300 | _c19cm. | ||
| 999 |
_c343900 _d343900 |
||